Communication systems (Record no. 5400)

MARC details
000 -LEADER
fixed length control field 00518nam a2200181Ia 4500
003 - CONTROL NUMBER IDENTIFIER
control field SGT
020 ## - INTERNATIONAL STANDARD BOOK NUMBER
International Standard Book Number 9788126521517
082 ## - DEWEY DECIMAL CLASSIFICATION NUMBER
Classification number 621.382
Item number HAY
100 ## - MAIN ENTRY--PERSONAL NAME
Personal name Haykin,Simon
245 ## - TITLE STATEMENT
Title Communication systems
250 ## - EDITION STATEMENT
Edition statement 5th . Ed.
260 ## - PUBLICATION, DISTRIBUTION, ETC. (IMPRINT)
Name of publisher, distributor, etc Wiley India Pvt. Ltd.
Place of publication, distribution, etc N.Delhi
Year of Publication 2011
300 ## - PAGE DESCRIPTION
No. of Pages 422p.
650 ## - SUBJECT ADDED ENTRY--TOPICAL TERM
Topical term or geographic name as entry element ELECTRONIC ENGINEERING
653 ## - KEYWORDS--INDEX TERM
Keyword term PROLOGUE,FOURIER THEORY AND COMMUNICATION SIGNALS,AMPLITUDE MODULATION, PHASE PHASE AND FREQUENCY MODULATION
700 ## - ADDED ENTRY--PERSONAL NAME
Personal name Moher,Michael
942 ## - ADDED ENTRY ELEMENTS (KOHA)
Source of classification or shelving scheme Dewey Decimal Classification
Koha item type Books
Holdings
Withdrawn status Lost status Source of classification or shelving scheme Damaged status Not for loan Home library Current library Date acquired SGTU Total Checkouts Full call number Accession No. (Barcode) Date last seen Bill Date Koha item type Date last borrowed Use restrictions Collection code Shelving location
    Dewey Decimal Classification     SGT Engineering Library SGT Engineering Library 19/01/2012 SGTU   621.382 HAY FE4406 09/02/2015 09/02/2015 Books        
Withdrawn   Dewey Decimal Classification     SGT Engineering Library SGT Engineering Library 19/01/2012 SGTU 1 621.382 HAY FE4407 11/11/2017 09/02/2015 Books 11/11/2017      
    Dewey Decimal Classification   Not For Loan SGT Engineering Library SGT Engineering Library 19/01/2012 SGTU   621.382 HAY FE4408 09/02/2015 09/02/2015 Books   Restricted Access ENGINEERING Reference Book
    Dewey Decimal Classification     SGT Engineering Library SGT Engineering Library 19/01/2012 SGTU   621.382 HAY FE4409 09/02/2015 09/02/2015 Books        
    Dewey Decimal Classification     SGT Engineering Library SGT Engineering Library 19/01/2012 SGTU   621.382 HAY FE4410 09/02/2015 09/02/2015 Books        
    Dewey Decimal Classification     SGT Engineering Library SGT Engineering Library 19/01/2012 SGTU   621.382 HAY FE4411 09/02/2015 09/02/2015 Books        
    Dewey Decimal Classification     SGT Engineering Library SGT Engineering Library 19/01/2012 SGTU   621.382 HAY FE4412 09/02/2015 09/02/2015 Books        
    Dewey Decimal Classification     SGT Engineering Library SGT Engineering Library 19/01/2012 SGTU   621.382 HAY FE4413 09/02/2015 09/02/2015 Books        
    Dewey Decimal Classification     SGT Engineering Library SGT Engineering Library 19/01/2012 SGTU   621.382 HAY FE4414 09/02/2015 09/02/2015 Books        
    Dewey Decimal Classification     SGT Engineering Library SGT Engineering Library 19/01/2012 SGTU   621.382 HAY FE4415 09/02/2015 09/02/2015 Books